[Event "V Festival Magistrale"]
[Site "Ischia ITA"]
[Date "1998.07.??"]
[Round "?"]
[White "Gourbanov, Bahrus"]
[Black "Rubino, Aniello"]
[Result "0-1"]
[WhiteElo "2280"]
[BlackElo "1923"]
[PlyCount "72"]
[EventDate "1998.07.18"]

1. e4 c6 2. d4 d5 3. exd5 cxd5 4. Bd3 Nc6 5. c3 Nf6 6. Bf4 Bg4 7. Nf3 e6 8.
Nbd2 Bd6 9. Bxd6 Qxd6 10. O-O O-O 11. Qb3 Rab8 12. Rae1 Rfc8 13. Ne5 Bh5 14. f4
Bg6 15. f5 exf5 16. Bxf5 Bxf5 17. Rxf5 Nxe5 18. Rfxe5 Ng4 19. Qxd5 Qh6 20. Re7
Qxh2+ 21. Kf1 Qf4+ 22. Nf3 Rf8 23. Kg1 Qg3 24. R1e2 g6 25. Rxb7 Rbe8 26. Rxf7
Rxf7 27. Rxe8+ Kg7 28. Re2 h5 29. Re6 Qf2+ 30. Kh1 Qf1+ 31. Ng1 Nf2+ 32. Kh2
Ng4+ 33. Kh1 Qf4 34. Nf3 Qc1+ 35. Ng1 Rf1 36. Qe5+ Nxe5 0-1

[Event "V Festival Magistrale"]
[Site "Ischia ITA"]
[Date "1998.07.??"]
[Round "?"]
[White "Larsen, Bo"]
[Black "Auletta, Angelo"]
[Result "0-1"]
[WhiteElo "1946"]
[BlackElo "2240"]
[PlyCount "54"]
[EventDate "1998.07.18"]

1. e4 a6 2. d4 b5 3. Nf3 Bb7 4. Bd3 Nf6 5. O-O Bxe4 6. Bxe4 Nxe4 7. Re1 d5 8.
b3 e6 9. c4 c6 10. Ne5 Bd6 11. Nd2 Nxd2 12. Bxd2 O-O 13. Qg4 Re8 14. Bh6 Bf8
15. Re3 Ra7 16. Rae1 dxc4 17. bxc4 bxc4 18. Rg3 f6 19. Nxc4 Qd5 20. Qe2 Kh8 21.
Be3 Nd7 22. Rh3 Rb7 23. Nb2 c5 24. dxc5 Nxc5 25. Bxc5 Bxc5 26. Rd1 Rxb2 27. Qg4
Rd2 0-1

[Event "V Festival Magistrale"]
[Site "Ischia ITA"]
[Date "1998.07.??"]
[Round "?"]
[White "Loncar, Robert"]
[Black "Mantovani, Renzo"]
[Result "1/2-1/2"]
[WhiteElo "2410"]
[BlackElo "2380"]
[PlyCount "22"]
[EventDate "1998.07.18"]

1. Nf3 c5 2. c4 Nf6 3. Nc3 b6 4. g3 Bb7 5. Bg2 g6 6. d4 cxd4 7. Qxd4 Bg7 8. O-O
d6 9. Rd1 Nbd7 10. Be3 Rc8 11. Rac1 O-O 1/2-1/2

[Event "V Festival Magistrale"]
[Site "Ischia ITA"]
[Date "1998.07.??"]
[Round "?"]
[White "Loncar, Robert"]
[Black "Spinelli, Doriano"]
[Result "1-0"]
[WhiteElo "2410"]
[BlackElo "2200"]
[PlyCount "75"]
[EventDate "1998.07.18"]

1. c4 e6 2. Nf3 Nf6 3. g3 Be7 4. Bg2 O-O 5. O-O d5 6. d4 dxc4 7. Qc2 a6 8. Qxc4
b5 9. Qc2 Bb7 10. Bf4 Bd6 11. Bg5 Nc6 12. e4 Nb4 13. Qe2 Be7 14. Nc3 c5 15.
dxc5 Qd3 16. e5 Nfd5 17. Bxe7 Nxe7 18. Rfd1 Qxe2 19. Nxe2 Bxf3 20. Bxf3 Nbd5
21. Nf4 Rfd8 22. Bxd5 Nxd5 23. Nxd5 exd5 24. Rd4 Rac8 25. b4 Rc7 26. Rad1 Rcd7
27. c6 Rc7 28. Rxd5 Rxd5 29. Rxd5 Kf8 30. Rd6 Ke7 31. f4 f6 32. Kf2 fxe5 33.
fxe5 Rc8 34. Ke3 Rf8 35. Kd4 Rf6 36. Kc5 Re6 37. Kb6 Rxe5 38. Rd7+ 1-0

[Event "V Festival Magistrale"]
[Site "Ischia ITA"]
[Date "1998.07.??"]
[Round "?"]
[White "Mazzoni, Guy"]
[Black "Weclawski, Dorota"]
[Result "0-1"]
[WhiteElo "2220"]
[BlackElo "2045"]
[PlyCount "90"]
[EventDate "1998.07.18"]

1. d4 Nf6 2. c4 e6 3. Nf3 Bb4+ 4. Bd2 Qe7 5. g3 O-O 6. Bg2 Bxd2+ 7. Nbxd2 d6 8.
O-O e5 9. e4 Nc6 10. d5 Nd8 11. b4 b6 12. Qc2 Nb7 13. Rfe1 Nh5 14. Nb3 f5 15.
Nfd2 f4 16. a4 a5 17. bxa5 Nxa5 18. Nxa5 Rxa5 19. Qd1 Qg5 20. Nf3 Qh6 21. Nd2
Nf6 22. f3 fxg3 23. hxg3 Nh5 24. Nf1 Qg6 25. g4 Nf4 26. Ng3 Qg5 27. Ra3 h5 28.
Nxh5 Nxh5 29. gxh5 Bh3 30. Re2 Rf4 31. h6 gxh6 32. Qd3 Bd7 33. Qd2 Qg3 34. Kf1
h5 35. Rf2 Kf7 36. Ke2 h4 37. Ra1 h3 38. Bh1 Ra8 39. Ke3 Ke7 40. Qd1 Rf6 41.
Qc2 Qf4+ 42. Ke2 Rg6 43. Kd3 Rag8 44. a5 bxa5 45. c5 Rg1 0-1

[Event "V Festival Magistrale"]
[Site "Ischia ITA"]
[Date "1998.07.??"]
[Round "?"]
[White "Naumkin, Igor"]
[Black "Farina, Saverio"]
[Result "1-0"]
[WhiteElo "2475"]
[BlackElo "2170"]
[PlyCount "81"]
[EventDate "1998.07.18"]

1. d4 d5 2. c4 e6 3. Nc3 c5 4. cxd5 exd5 5. Nf3 Nc6 6. g3 Nf6 7. Bg2 Be7 8. O-O
O-O 9. Bf4 Be6 10. Rc1 cxd4 11. Nxd4 Qd7 12. Nxc6 bxc6 13. Na4 Bh3 14. Bg5 Bxg2
15. Kxg2 Rfe8 16. Bxf6 Bxf6 17. e3 g6 18. Rc2 Kg7 19. Nc5 Qe7 20. b3 Rad8 21.
Qd3 h5 22. h3 Be5 23. Rfc1 h4 24. g4 d4 25. exd4 Bxd4 26. Qf3 Rd6 27. Qf4 g5
28. Qf3 Rf6 29. Qd3 Qd6 30. Ne4 Rxe4 31. Qxe4 Bxf2 32. Kh1 Qg3 33. Rc3 Qd6 34.
Rxc6 Qg3 35. R6c3 Qd6 36. Rd3 Qa3 37. Rf1 Qxa2 38. Qe5 Kg6 39. Rd6 Rxd6 40.
Qxd6+ Kg7 41. Qh2 1-0

[Event "V Festival Magistrale"]
[Site "Ischia ITA"]
[Date "1998.07.??"]
[Round "?"]
[White "Naumkin, Igor"]
[Black "Spinelli, Doriano"]
[Result "1-0"]
[WhiteElo "2475"]
[BlackElo "2200"]
[PlyCount "37"]
[EventDate "1998.07.18"]

1. d4 Nf6 2. c4 e5 3. dxe5 Ne4 4. a3 b6 5. Nf3 Bb7 6. Qc2 Bc5 7. e3 a5 8. Nbd2
Ng5 9. b3 Nc6 10. Bb2 Qe7 11. Be2 Ne6 12. Ne4 Nf8 13. Nc3 Ne6 14. Nd5 Qd8 15.
O-O Be7 16. Rad1 O-O 17. Qf5 f6 18. exf6 Bxf6 19. Bd3 1-0

[Event "V Festival Magistrale"]
[Site "Ischia ITA"]
[Date "1998.07.??"]
[Round "?"]
[White "Naumkin, Igor"]
[Black "Vospernik, Andrej"]
[Result "1-0"]
[WhiteElo "2475"]
[BlackElo "2145"]
[PlyCount "95"]
[EventDate "1998.07.18"]

1. d4 Nf6 2. c4 e5 3. dxe5 Ne4 4. Nf3 Bb4+ 5. Nbd2 Nc6 6. g3 O-O 7. Bg2 Qe7 8.
O-O Nxd2 9. Nxd2 Nxe5 10. Qc2 Bxd2 11. Bxd2 Qc5 12. Rac1 Nc6 13. Be3 Qa5 14.
Rfd1 d6 15. c5 Be6 16. cxd6 cxd6 17. a3 d5 18. Bc5 Rfd8 19. b4 Qc7 20. f4 f5
21. Bd4 Qf7 22. Qd2 Rac8 23. b5 Nxd4 24. Qxd4 b6 25. Rxc8 Rxc8 26. Bxd5 Kf8 27.
Bc6 Qe7 28. Qe5 Qc5+ 29. Qxc5+ bxc5 30. Kf2 Ke7 31. Ke3 Rc7 32. a4 Bb3 33. Ra1
Kd6 34. Kd3 Re7 35. Bf3 h6 36. a5 Bd5 37. Rd1 Bb3 38. Rd2 Kc7 39. Kc3 Bf7 40.
Bd5 Bh5 41. Kc4 Bxe2+ 42. Kxc5 g5 43. b6+ Kb8 44. Bc6 Ba6 45. Rd8+ Bc8 46. b7
Rxb7 47. Bxb7 Kxb7 48. h4 1-0

[Event "V Festival Magistrale"]
[Site "Ischia ITA"]
[Date "1998.07.??"]
[Round "?"]
[White "Ravagnani, Tiziano"]
[Black "Delizia, Costantino"]
[Result "1-0"]
[WhiteElo "2015"]
[BlackElo "2034"]
[PlyCount "73"]
[EventDate "1998.07.18"]

1. e4 e6 2. d4 d5 3. Nc3 Bb4 4. e5 c5 5. a3 Bxc3+ 6. bxc3 Ne7 7. Qg4 Qc7 8.
Qxg7 Rg8 9. Qxh7 cxd4 10. Kd1 Nbc6 11. Rb1 Bd7 12. Nf3 dxc3 13. Ng5 Rf8 14. f4
Na5 15. Be2 Ng6 16. Nxf7 Rxf7 17. Qxg6 Kf8 18. Rb4 Rg7 19. Qh6 Kg8 20. f5 Nc4
21. f6 Rh7 22. Qg6+ Kh8 23. Bd3 Bc6 24. Qxh7+ Qxh7 25. Bxh7 Kxh7 26. Rf1 a5 27.
Rxc4 dxc4 28. g4 Kg6 29. f7 Rf8 30. Rf6+ Kh7 31. h4 Be4 32. h5 b5 33. g5 b4 34.
g6+ Bxg6 35. hxg6+ Kg7 36. Rxe6 b3 37. cxb3 1-0

[Event "V Festival Magistrale"]
[Site "Ischia ITA"]
[Date "1998.07.??"]
[Round "?"]
[White "Ravagnani, Tiziano"]
[Black "Larsen, Bo"]
[Result "1/2-1/2"]
[WhiteElo "2015"]
[BlackElo "1946"]
[PlyCount "44"]
[EventDate "1998.07.18"]

1. e4 c5 2. Nf3 Nc6 3. d4 cxd4 4. Nxd4 g6 5. c4 Bg7 6. Be3 Nf6 7. Nc3 Ng4 8.
Qxg4 Nxd4 9. Qd1 Ne6 10. Be2 Qa5 11. Qd2 b6 12. O-O Bb7 13. Rfd1 d6 14. Nd5
Qxd2 15. Rxd2 Rc8 16. f3 g5 17. Rb1 Be5 18. b4 Kf8 19. g3 h5 20. h4 gxh4 21.
gxh4 Bxd5 22. exd5 Nd4 1/2-1/2

[Event "V Festival Magistrale"]
[Site "Ischia ITA"]
[Date "1998.07.??"]
[Round "?"]
[White "Ravagnani, Tiziano"]
[Black "Mantovani, Renzo"]
[Result "0-1"]
[WhiteElo "2015"]
[BlackElo "2380"]
[PlyCount "80"]
[EventDate "1998.07.18"]

1. e4 c5 2. Nf3 d6 3. d4 cxd4 4. Nxd4 Nf6 5. Nc3 Nc6 6. Be2 Nxd4 7. Qxd4 g6 8.
Be3 Bg7 9. Qd2 O-O 10. h4 h5 11. O-O-O Be6 12. Kb1 Qa5 13. Nd5 Qxd2 14. Nxe7+
Kh7 15. Rxd2 Rfe8 16. Nd5 Nxe4 17. Nc7 Nxd2+ 18. Bxd2 Bxa2+ 19. Kc1 Rxe2 20.
Nxa8 Bxb2+ 21. Kxb2 Rxd2 22. Kxa2 Rxc2+ 23. Ka3 Rc8 24. Rb1 b6 25. Ka4 Rxa8 26.
Kb5 Rc8 27. Rb2 Kg7 28. Rd2 d5 29. Ka6 Rc7 30. Rxd5 Rc2 31. Kxa7 Rxf2 32. Rg5
f6 33. Rg3 Rb2 34. Kb7 Rb4 35. Rh3 f5 36. Rh1 Kf6 37. Kc6 Ke5 38. Re1+ Re4 39.
Rd1 Rxh4 40. Kxb6 Rc4 0-1

[Event "V Festival Magistrale"]
[Site "Ischia ITA"]
[Date "1998.07.??"]
[Round "?"]
[White "Rubino, Aniello"]
[Black "Mantovani, Renzo"]
[Result "0-1"]
[WhiteElo "1923"]
[BlackElo "2380"]
[PlyCount "70"]
[EventDate "1998.07.18"]

1. e4 c5 2. Nf3 d6 3. c3 Nf6 4. h3 g6 5. Bd3 Bg7 6. Bc2 O-O 7. O-O b6 8. d4 Bb7
9. Re1 Nc6 10. d5 Nb8 11. c4 Nbd7 12. Nc3 Ne8 13. Be3 Nc7 14. Qd2 Re8 15. Bh6
Bh8 16. Ba4 a6 17. Re2 b5 18. cxb5 axb5 19. Bxb5 Nxb5 20. Nxb5 Ba6 21. Nc3 Bxe2
22. Nxe2 Qa5 23. Nc3 Reb8 24. Rf1 Qb4 25. Qf4 Qxb2 26. Nd1 Qf6 27. Qg3 Ne5 28.
Nh4 Nc4 29. f4 Ra3 30. Qg4 Qd4+ 31. Kh1 Qxe4 32. Nf2 Qxd5 33. f5 Ne5 34. Qf4
Rb4 35. Qc1 Rxa2 0-1

[Event "V Festival Magistrale"]
[Site "Ischia ITA"]
[Date "1998.07.??"]
[Round "?"]
[White "Santoro, Alessandro"]
[Black "Furlan, Miha"]
[Result "1-0"]
[WhiteElo "1900"]
[BlackElo "2340"]
[PlyCount "129"]
[EventDate "1998.07.18"]

1. d4 e6 2. c4 d5 3. Nf3 c6 4. e3 Nf6 5. Nc3 Nbd7 6. Qc2 Bd6 7. Be2 O-O 8. O-O
Re8 9. Rd1 b6 10. b3 Bb7 11. Bb2 Qe7 12. Rac1 Rad8 13. e4 Nxe4 14. Nxe4 dxe4
15. Qxe4 Nf8 16. c5 Bb8 17. b4 b5 18. Ne5 Qc7 19. g3 Ng6 20. f4 Ne7 21. Nxf7
Kxf7 22. Qxh7 Rg8 23. Re1 Bc8 24. Bh5+ Kf8 25. Bg4 Nd5 26. Bxe6 Nf6 27. Qf5 Rh8
28. Rc2 Rh5 29. Qg6 Rh6 30. Qf5 Rh5 31. Qg6 Bxe6 32. Rxe6 Rhd5 33. Rce2 Qf7 34.
Qxf7+ Kxf7 35. Rxc6 R5d7 36. Rce6 Nd5 37. a3 Re7 38. Rxe7+ Nxe7 39. Kf2 Nc6 40.
Ke3 g6 41. Kd3 Bc7 42. Bc3 Rd7 43. a4 a6 44. axb5 axb5 45. Rd2 Bd8 46. Ke4 Bf6
47. Rd1 Ne7 48. Rd3 Nc6 49. d5 Bxc3 50. Rxc3 Re7+ 51. Kf3 Nxb4 52. d6 Re1 53.
c6 Nxc6 54. Rxc6 b4 55. Rc7+ Ke8 56. Rb7 Rb1 57. Kg4 Rb2 58. h4 Rb3 59. Re7+
Kf8 60. Rb7 Ke8 61. Rg7 Rd3 62. Rxg6 b3 63. Rg8+ Kd7 64. Rb8 Kc6 65. h5 1-0

[Event "V Festival Magistrale"]
[Site "Ischia ITA"]
[Date "1998.07.??"]
[Round "?"]
[White "Simeoni, Matteo"]
[Black "Ravagnani, Tiziano"]
[Result "1/2-1/2"]
[WhiteElo "2035"]
[BlackElo "2015"]
[PlyCount "106"]
[EventDate "1998.07.18"]

1. e4 c5 2. Nf3 Nc6 3. d4 cxd4 4. Nxd4 Nf6 5. Nc3 e5 6. Ndb5 d6 7. Nd5 Nxd5 8.
exd5 Ne7 9. c4 f5 10. Qa4 Kf7 11. Qb4 Ng8 12. Bd3 a6 13. Nc3 Nf6 14. Be3 e4 15.
Be2 Be7 16. O-O Nd7 17. Bd4 Bf6 18. Qxd6 Bxd4 19. Qe6+ Kf8 20. Qxf5+ Nf6 21.
Qf4 Qe7 22. d6 Qe5 23. Qxe5 Bxe5 24. Rfd1 Bxc3 25. bxc3 Bd7 26. Rab1 Bc6 27.
Rd2 Rd8 28. c5 g6 29. Bc4 Kg7 30. Rdb2 Rb8 31. Bxa6 e3 32. fxe3 Be4 33. c6 Bxb1
34. c7 Rbc8 35. Bxb7 Bf5 36. Bxc8 Rxc8 37. Rd2 Kf7 38. a4 Ke8 39. a5 Ne4 40.
Rd4 Nxc3 41. Rb4 Ne4 42. g4 Nxd6 43. gxf5 gxf5 44. Rb8 Kd7 45. a6 Kxc7 46. Rb1
Ra8 47. Rc1+ Kb6 48. Rd1 Rd8 49. Ra1 Ka7 50. Kf2 Rc8 51. Rd1 Rc6 52. Kf3 Rxa6
53. Kf4 Kb7 1/2-1/2

[Event "V Festival Magistrale"]
[Site "Ischia ITA"]
[Date "1998.07.??"]
[Round "?"]
[White "Simeoni, Matteo"]
[Black "Santoro, Alessandro"]
[Result "1-0"]
[WhiteElo "2035"]
[BlackElo "1900"]
[PlyCount "33"]
[EventDate "1998.07.18"]

1. e4 c5 2. Nf3 Nc6 3. d4 cxd4 4. Nxd4 Nf6 5. Nc3 e5 6. Ndb5 d6 7. Nd5 Nxd5 8.
exd5 Nb8 9. c4 a6 10. Qa4 Bd7 11. Bd3 Be7 12. Be3 O-O 13. Rc1 f5 14. c5 dxc5
15. d6 Bxd6 16. Qb3+ Kh8 17. Nxd6 1-0

[Event "V Festival Magistrale"]
[Site "Ischia ITA"]
[Date "1998.07.??"]
[Round "?"]
[White "Spinelli, Doriano"]
[Black "Delizia, Costantino"]
[Result "1/2-1/2"]
[WhiteElo "2200"]
[BlackElo "2034"]
[PlyCount "69"]
[EventDate "1998.07.18"]

1. e4 e6 2. b3 d5 3. Bb2 Nf6 4. Nc3 d4 5. Nce2 c5 6. Ng3 Be7 7. Bb5+ Nbd7 8.
Nf3 O-O 9. Bxd7 Bxd7 10. d3 Qc7 11. a4 b6 12. O-O a6 13. c4 dxc3 14. Bxc3 Bc6
15. Qe2 Rfd8 16. Ne5 Be8 17. Rac1 Qb7 18. Rfd1 Rac8 19. Ng4 Nxg4 20. Qxg4 f6
21. h4 Bf7 22. h5 h6 23. Rd2 Kh8 24. Re1 Rd7 25. Re3 b5 26. axb5 axb5 27. Ne2
Bf8 28. Nf4 Qc6 29. Rg3 e5 30. Ng6+ Bxg6 31. Qxg6 Qe6 32. Rb2 Rcd8 33. Ba5 Ra8
34. Bd2 Rad8 35. Ba5 1/2-1/2

[Event "V Festival Magistrale"]
[Site "Ischia ITA"]
[Date "1998.07.??"]
[Round "?"]
[White "Spinelli, Doriano"]
[Black "Tiviakov, Sergei"]
[Result "0-1"]
[WhiteElo "2200"]
[BlackElo "2655"]
[PlyCount "104"]
[EventDate "1998.07.18"]

1. e4 c5 2. Nf3 d6 3. d4 cxd4 4. Nxd4 Nf6 5. Nc3 g6 6. Be3 Bg7 7. f3 Nc6 8. Qd2
Bd7 9. O-O-O Rc8 10. h4 h5 11. Be2 Ne5 12. Kb1 a6 13. Nd5 Nxd5 14. exd5 Qc7 15.
b3 Qc3 16. Qxc3 Rxc3 17. Bc1 b5 18. Bb2 Rc5 19. Nc6 Bxc6 20. dxc6 O-O 21. g4
Nxc6 22. gxh5 Bxb2 23. Kxb2 Rxh5 24. f4 Rf5 25. Rhf1 Kg7 26. Bg4 Rf6 27. h5
gxh5 28. Bxh5 Rh8 29. Bf3 Nd8 30. Bd5 Rh5 31. c4 b4 32. Rf2 Ne6 33. Rg1+ Kf8
34. Rfg2 Rh8 35. Bxe6 fxe6 36. c5 dxc5 37. Rd1 Kf7 38. Rc1 Rh5 39. Rc4 Rhf5 40.
Re2 Rh6 41. Rce4 Rff6 42. Rf2 a5 43. Kc2 Rh3 44. Kd2 Rf5 45. Rfe2 Rd5+ 46. Kc2
Rh6 47. Re5 Rf6 48. R2e4 Rxe5 49. fxe5 Rf2+ 50. Kd3 Rxa2 51. Rc4 Rb2 52. Rxc5
Rxb3+ 0-1

[Event "V Festival Magistrale"]
[Site "Ischia ITA"]
[Date "1998.07.??"]
[Round "?"]
[White "Tiviakov, Sergei"]
[Black "Rubino, Aniello"]
[Result "1-0"]
[WhiteElo "2655"]
[BlackElo "1923"]
[PlyCount "67"]
[EventDate "1998.07.18"]

1. e4 c6 2. d4 d5 3. Nd2 dxe4 4. Nxe4 Nd7 5. Bd3 Ngf6 6. Ng5 e6 7. N1f3 Bd6 8.
Qe2 h6 9. Ne4 Nxe4 10. Qxe4 Nf6 11. Qe2 Qc7 12. Bd2 b6 13. O-O-O Bb7 14. Kb1
Rd8 15. h4 c5 16. Bb5+ Bc6 17. dxc5 Bxc5 18. Ne5 Bxb5 19. Qxb5+ Kf8 20. Bf4 Bd6
21. Nc6 Rd7 22. Rxd6 Rxd6 23. Nxa7 Nd5 24. Bxd6+ Qxd6 25. g3 g6 26. Qc4 Ne7 27.
Nb5 Qd7 28. Nc3 Kg7 29. Rd1 Qb7 30. Qd4+ Kh7 31. Ne4 Nf5 32. Nf6+ Kg7 33. Nh5+
Kh7 34. Qg7+ 1-0

[Event "V Festival Magistrale"]
[Site "Ischia ITA"]
[Date "1998.07.??"]
[Round "?"]
[White "Vallifuoco, Giacomo"]
[Black "Gourbanov, Bahrus"]
[Result "1-0"]
[WhiteElo "2360"]
[BlackElo "2280"]
[PlyCount "93"]
[EventDate "1998.07.18"]

1. d4 d5 2. c4 e6 3. Nc3 Nf6 4. cxd5 exd5 5. Bg5 Be7 6. e3 O-O 7. Qc2 c6 8. Bd3
h6 9. Bh4 Re8 10. Nf3 Nbd7 11. O-O Ne4 12. Bxe7 Qxe7 13. Rfe1 Ndf6 14. Ne5 Ng4
15. Nxg4 Bxg4 16. f3 Nxc3 17. bxc3 Be6 18. e4 Qd7 19. e5 Rac8 20. f4 g6 21. Re3
Kh7 22. f5 Bxf5 23. Bxf5 Qxf5 24. Qxf5 gxf5 25. Rf1 Rc7 26. Rxf5 Re6 27. Ref3
Kg7 28. Rf6 Rce7 29. Kf2 Kg8 30. Ke3 Rxf6 31. Rxf6 Kg7 32. Rd6 a6 33. Kf4 Rc7
34. g4 Re7 35. h4 Re6 36. Kf5 Re7 37. h5 Rc7 38. g5 hxg5 39. Kxg5 c5 40. h6+
Kh7 41. Kf6 cxd4 42. cxd4 Kxh6 43. Rxd5 Rc2 44. Kxf7 Rf2+ 45. Ke7 Rxa2 46. e6
Kg6 47. Kd7 1-0

[Event "V Festival Magistrale"]
[Site "Ischia ITA"]
[Date "1998.07.??"]
[Round "?"]
[White "Vujovic, Milorad"]
[Black "Delizia, Costantino"]
[Result "0-1"]
[WhiteElo "2275"]
[BlackElo "2034"]
[PlyCount "106"]
[EventDate "1998.07.18"]

1. e4 e6 2. Qe2 Be7 3. g3 d5 4. d3 Nf6 5. Bg2 c5 6. Nf3 Nc6 7. O-O O-O 8. Re1
b5 9. h4 a5 10. Nbd2 Ba6 11. e5 Nd7 12. Nf1 c4 13. d4 c3 14. bxc3 b4 15. Qd1
bxc3 16. N1h2 Nb6 17. Ng4 Nc4 18. Bg5 Kh8 19. Qc1 Bxg5 20. hxg5 Ne7 21. Bf1 Qd7
22. Kg2 Qa4 23. a3 Nd2 24. Bxa6 Nxf3 25. Kxf3 Rxa6 26. Rd1 Nf5 27. Kg2 Rb6 28.
Rd3 Rc8 29. Nh2 Rc4 30. Nf3 Qb5 31. g4 Ne7 32. Qf4 Kg8 33. Rh1 Ng6 34. Qh2 Nf8
35. g6 Nxg6 36. Ng5 h6 37. Nxf7 Kxf7 38. Qh5 Qe8 39. Rf3+ Ke7 40. g5 Rxd4 41.
gxh6 Nf4+ 42. Rxf4 Qxh5 43. Rxh5 Rxf4 44. h7 Rf8 45. h8=Q Rxh8 46. Rxh8 Rb2 47.
Ra8 Rxc2 48. Ra7+ Kf8 49. Kg3 d4 50. f4 d3 51. f5 exf5 52. Kf3 d2 53. Rd7 Rc1
0-1

[Event "V Festival Magistrale"]
[Site "Ischia ITA"]
[Date "1998.07.??"]
[Round "?"]
[White "Vujovic, Milorad"]
[Black "Simeoni, Matteo"]
[Result "0-1"]
[WhiteElo "2275"]
[BlackElo "2035"]
[PlyCount "37"]
[EventDate "1998.07.18"]

1. c4 f5 2. Nc3 Nf6 3. g3 e6 4. Bg2 Be7 5. Nh3 O-O 6. d4 d6 7. Nf4 c6 8. e4 e5
9. dxe5 dxe5 10. Nd3 fxe4 11. Nxe4 Bf5 12. f3 Qd4 13. Qe2 Rd8 14. Ndf2 Be6 15.
Bf1 Bb4+ 16. Nd2 Kh8 17. a3 Bxc4 18. axb4 Bxe2 19. Bxe2 0-1

[Event "V Festival Magistrale"]
[Site "Ischia ITA"]
[Date "1998.07.??"]
[Round "?"]
[White "Vujovic, Milorad"]
[Black "Weclawski, Dorota"]
[Result "0-1"]
[WhiteElo "2275"]
[BlackElo "2045"]
[PlyCount "88"]
[EventDate "1998.07.18"]

1. e4 e6 2. Qe2 c5 3. g3 Nc6 4. Nf3 Be7 5. Bg2 d5 6. d3 Nf6 7. O-O O-O 8. Re1
Re8 9. e5 Nd7 10. h4 f6 11. exf6 Nxf6 12. Bf4 Bd6 13. Ne5 Nxe5 14. Bxe5 Bxe5
15. Qxe5 Bd7 16. Nc3 Qb8 17. Qg5 h6 18. Qd2 Qd6 19. d4 Rac8 20. Rad1 Rf8 21.
Re2 Rf7 22. Rde1 Rcf8 23. Bh3 cxd4 24. Nd1 e5 25. Bg2 Re7 26. c4 dxc4 27. Bxb7
Bg4 28. f3 Rxb7 29. fxg4 Nxg4 30. Re4 Qg6 31. h5 Qxh5 32. Qe2 Nf6 33. Qxc4+ Kh8
34. Rxe5 Qf3 35. Qe2 Qxg3+ 36. Qg2 Qxg2+ 37. Kxg2 Rc7 38. R1e2 d3 39. Rf2 Rc2
40. Ref5 Re8 41. Nc3 d2 42. Nd1 Re1 43. Rf1 Rc1 44. Nc3 Rxc3 0-1

[Event "V Festival Magistrale"]
[Site "Ischia ITA"]
[Date "1998.07.??"]
[Round "?"]
[White "Weclawski, Dorota"]
[Black "Loncar, Robert"]
[Result "0-1"]
[WhiteElo "2045"]
[BlackElo "2410"]
[PlyCount "79"]
[EventDate "1998.07.18"]

1. d4 Nf6 2. Nf3 g6 3. Bf4 Bg7 4. Nbd2 O-O 5. e4 c5 6. dxc5 Qa5 7. c3 Qxc5 8.
Be2 d6 9. O-O Nbd7 10. Be3 Qc7 11. Nd4 a6 12. a4 b6 13. f3 e5 14. Nc2 d5 15.
exd5 Nxd5 16. Bf2 N7f6 17. Re1 Bb7 18. Ne3 Nxe3 19. Bxe3 Nd5 20. Bf2 Rad8 21.
Qb3 Qe7 22. Rad1 Nf4 23. Bf1 Nh3+ 24. gxh3 Rxd2 25. Rxd2 Qg5+ 26. Bg2 Qxd2 27.
Qxb6 Bc8 28. Bf1 Qf4 29. Qe3 Qxa4 30. Be2 Bxh3 31. f4 Bc8 32. fxe5 Re8 33. Bg3
Qb3 34. Qc5 Be6 35. Qc6 Rc8 36. Qxa6 Qxb2 37. c4 Bxe5 38. Qb5 Bd4+ 39. Bf2 Qd2
40. Qb3 0-1

[Event "V Festival Magistrale"]
[Site "Ischia ITA"]
[Date "1998.07.17"]
[Round "1"]
[White "Delizia, Costantino"]
[Black "Malfagia, Andrea"]
[Result "0-1"]
[WhiteElo "2034"]
[BlackElo "2350"]
[PlyCount "126"]
[EventDate "1998.07.18"]

1. e4 d6 2. d4 Nf6 3. Nc3 c6 4. f4 Qa5 5. Bd3 e5 6. Nf3 Bg4 7. Be3 Nbd7 8. O-O
Be7 9. h3 Bxf3 10. Qxf3 O-O 11. Ne2 exd4 12. Nxd4 Rfe8 13. c3 Qc7 14. Nf5 Bf8
15. Rad1 g6 16. Ng3 Bg7 17. Rd2 b5 18. c4 a6 19. Rc1 b4 20. Rcd1 Re7 21. Bb1
Ne8 22. Qf2 c5 23. Ne2 Qc6 24. g4 Rc8 25. Ng3 a5 26. Bd3 a4 27. Be2 Qa6 28. Qf1
Nb8 29. g5 a3 30. b3 Qb6 31. Qf2 Bc3 32. Rd3 Nc6 33. Bf3 Bd4 34. Bxd4 Nxd4 35.
Ne2 Nxe2+ 36. Qxe2 Qc7 37. Qd2 Rb8 38. Rd5 Re6 39. Qd3 Qe7 40. e5 dxe5 41. Rd7
Qf8 42. f5 gxf5 43. Bh5 Re7 44. Qxf5 Ng7 45. Qf3 e4 46. Qe2 Rxd7 47. Rxd7 Nxh5
48. Qxh5 Qg7 49. Kf2 Re8 50. Ke3 Qc3+ 51. Ke2 Rf8 52. Qg4 Qe5 53. Qg2 e3 54.
Rd5 Qb2+ 55. Kf3 Re8 56. Qe2 Re4 57. Qe1 Qc2 58. Rd8+ Kg7 59. Qa1+ Qb2 60. Qe1
Qe5 61. Ke2 Rf4 62. Qc1 Rf2+ 63. Ke1 Rxa2 0-1

[Event "V Festival Magistrale"]
[Site "Ischia ITA"]
[Date "1998.07.19"]
[Round "3"]
[White "Rubino, Aniello"]
[Black "Malfagia, Andrea"]
[Result "0-1"]
[WhiteElo "1923"]
[BlackElo "2350"]
[PlyCount "50"]
[EventDate "1998.07.18"]

1. e4 d6 2. d4 Nf6 3. f3 g6 4. Be3 Bg7 5. Bd3 O-O 6. Ne2 c5 7. c3 cxd4 8. cxd4
Nc6 9. Nbc3 e5 10. d5 Ne7 11. Qd2 Bd7 12. h4 h5 13. Bh6 Bxh6 14. Qxh6 Qa5 15.
Qg5 Kg7 16. g4 Neg8 17. gxh5 Nxh5 18. O-O-O b5 19. Rdg1 b4 20. Qxh5 bxc3 21.
Nxc3 Rfc8 22. Qg5 Rxc3+ 23. bxc3 Qxc3+ 24. Bc2 Rc8 25. Rg2 Ba4 0-1

[Event "V Festival Magistrale"]
[Site "Ischia ITA"]
[Date "1998.07.20"]
[Round "4"]
[White "Naumkin, Igor"]
[Black "Malfagia, Andrea"]
[Result "1-0"]
[WhiteElo "2475"]
[BlackElo "2350"]
[PlyCount "129"]
[EventDate "1998.07.18"]

1. d4 Nf6 2. c4 g6 3. Nc3 Bg7 4. e4 d6 5. Be2 O-O 6. Nf3 Na6 7. Bg5 c6 8. O-O
Nc7 9. Re1 Bg4 10. h3 Bxf3 11. Bxf3 e5 12. d5 cxd5 13. cxd5 b5 14. b4 a5 15. a3
a4 16. Rc1 h5 17. Rc2 Qd7 18. Qd3 Rab8 19. Rec1 Rb7 20. Bd2 Kh8 21. Nd1 Ng8 22.
Rc6 Ne7 23. g3 Ne8 24. Bg2 f5 25. h4 f4 26. R6c2 g5 27. hxg5 Qg4 28. gxf4 exf4
29. f3 Qg3 30. Kf1 Ng6 31. Be1 Qxg5 32. Nf2 Ne5 33. Qe2 Nc4 34. Rxc4 bxc4 35.
Rxc4 Be5 36. Qc2 Rg7 37. Bh3 Qg1+ 38. Ke2 Rg3 39. Bf5 Rfg8 40. Qd3 Nf6 41. b5
Ng4 42. Rc7 Rf8 43. Rh7+ Kg8 44. Rxh5 Ne3 45. Rh1 Qg2 46. Be6+ Kg7 47. b6 Qxf3+
48. Kd2 Rg2 49. Qe2 Qxe2+ 50. Kxe2 Rb8 51. Bh3 Rg5 52. Ba5 Nc4 53. Bb4 Rxb6 54.
Bf5 Ne3 55. Rh7+ Kg8 56. Ra7 Nc2 57. Ra8+ Kf7 58. Ra7+ Kf8 59. Ra8+ Ke7 60.
Ra7+ Kd8 61. Ba5 Nd4+ 62. Kf1 f3 63. Bxb6+ Ke8 64. Bg4 Nb5 65. Bd7+ 1-0

[Event "V Festival Magistrale"]
[Site "Ischia ITA"]
[Date "1998.07.21"]
[Round "5"]
[White "Malfagia, Andrea"]
[Black "Weclawski, Dorota"]
[Result "0-1"]
[WhiteElo "2350"]
[BlackElo "2045"]
[PlyCount "24"]
[EventDate "1998.07.18"]

1. e4 e6 2. d4 d5 3. Nc3 Bb4 4. e5 Ne7 5. a3 Bxc3+ 6. bxc3 c5 7. Nf3 Qc7 8. a4
Nbc6 9. Ba3 cxd4 10. cxd4 Nf5 11. Qd2 Ncxd4 12. O-O-O Nb3+ 0-1

[Event "V Festival Magistrale"]
[Site "Ischia ITA"]
[Date "1998.07.22"]
[Round "6"]
[White "Malfagia, Andrea"]
[Black "Rossetti, Giovanni"]
[Result "1-0"]
[WhiteElo "2350"]
[BlackElo "1932"]
[PlyCount "55"]
[EventDate "1998.07.18"]

1. e4 d6 2. d4 Nf6 3. Nc3 g6 4. f4 Bg7 5. Nf3 O-O 6. Be2 Bg4 7. O-O Bxf3 8.
Bxf3 c6 9. Kh1 Na6 10. Be3 Nc7 11. a4 Re8 12. g4 e5 13. dxe5 dxe5 14. f5 Nd7
15. Be2 f6 16. Bc4+ Kf8 17. Qd6+ Re7 18. fxg6 hxg6 19. Rad1 Ne8 20. Qb4 Qc7 21.
g5 b6 22. Bb3 Bh8 23. Qc4 Rg7 24. gxf6 Ndxf6 25. Bh6 Rc8 26. Qg8+ Ke7 27. Qe6+
Kf8 28. Rxf6+ 1-0